| 000 | 02867naa a2200385 4500 | ||
|---|---|---|---|
| 005 | 20090602113243.0 | ||
| 008 | 080820t xxu||||| |||| 00| 0 eng d | ||
| 010 | _aENG-93831 | ||
| 020 |
_a9780195698893 _c325.00 |
||
| 020 |
_a0195698894 _c325.00 |
||
| 035 | _aEN-77364 | ||
| 035 | _aB-363048-054 | ||
| 037 | _bDBAD / PUB | ||
| 037 | _bUppal Book Store | ||
| 040 |
_adpl _bEnglish |
||
| 082 | _a398.2095483 | ||
| 245 |
_aLore & legends of Kerala: _ctranslated from Malayalam by T.C. Narayan; illustrated by C.N. Karunakaran & Namboodiri _bselections form Kottarathil Sankunnis' Aithihyamala / |
||
| 260 |
_aNew Delhi _bOxford University Press _c2009 |
||
| 270 |
_aYMCA Library Building, Jai Singh Road, _bNew Delhi _cDelhi _e110001 |
||
| 300 |
_axiii, 192p.: _c25cm(pbk) _bill. |
||
| 500 | _aIncludes index | ||
| 700 | _aNarayan,T.C. | ||
| 700 | _aKarunakaran, C.N. | ||
| 700 | _aNamboodiri | ||
| 942 |
_adpl _cEN _2ddc _mLOR _h398.20954483 |
||
| 999 |
_c27132 _d27132 |
||